[Event "SVK-ch U14"]
[Site "Liptovsky Mikulas"]
[Date "2007.04.27"]
[Round "9"]
[White "Carnoky, Vladimir"]
[Black "Vierik, Matej"]
[Result "0-1"]
[WhiteElo "1350"]
[BlackElo "1350"]
[PlyCount "52"]
[EventDate "2007.04.22"]
[EventType "swiss"]
[EventRounds "9"]
[EventCountry "SVK"]
[SourceTitle "EXT 2008"]
[Source "ChessBase"]
[SourceDate "2007.11.25"]
[SourceVersion "1"]
[SourceVersionDate "2007.11.25"]
[SourceQuality "1"]

1. e4 e5 2. Nf3 Nc6 3. Bb5 Bc5 4. Bxc6 dxc6 5. Nxe5 Qd4 6. Ng4 Qxe4+ 7. Ne3 Nf6 8. 0-0 Bg4 9. f3 Qd4 10. c3 Qf4 11. Re1 Be6 12. d3 Bd6 13. Ng4 Qf5 14. Ne3 Qe5 15. Ng4 Qf5 16. Ne3 Qh5 17. Nf1 0-0-0 18. h3 Bf5 19. g4 Qg6 20. Ne3 Be6 21. b4 Bf4 22. d4 Qh6 23. Kf1 Qxh3+ 24. Ng2 Bg3 25. Re2 Bc4 26. Na3 Qh1# 0-1